[Event "NRW Class1 1617"]
[Site "Germany"]
[Date "2017.03.05"]
[Round "7"]
[White "Graeber, Ralf"]
[Black "Haskelman, Evgen"]
[Result "0-1"]
[WhiteElo "2191"]
[BlackElo "2190"]
[PlyCount "92"]
[EventDate "2016.09.25"]
[EventType "team-tourn"]
[EventRounds "9"]
[EventCountry "GER"]
[SourceTitle "EXT 2023"]
[Source "ChessBase"]
[SourceDate "2022.10.05"]
[SourceVersion "1"]
[SourceVersionDate "2022.10.05"]
[SourceQuality "1"]
[WhiteTeam "Ratingen"]
[BlackTeam "Bruehl"]
[WhiteTeamCountry "GER"]
[BlackTeamCountry "GER"]

1. c4 f5 2. g3 Nf6 3. Bg2 e6 4. Nf3 d5 5. 0-0 Bd6 6. Nc3 c6 7. d3 Bc7 8. e4 d4 9. Ne2 fxe4 10. dxe4 e5 11. Ne1 c5 12. Nd3 Qe7 13. f4 Nc6 14. fxe5 Nxe5 15. Bg5 Bg4 16. Bxf6 gxf6 17. Qa4+ Bd7 18. Qa3 Bd6 19. Nxe5 fxe5 20. Rf2 a6 21. Raf1 0-0-0 22. Rf7 Qg5 23. Qb3 Bc7 24. Rxd7 Rxd7 25. Bh3 Rhd8 26. Qf3 Kb8 27. Bxd7 Rxd7 28. Nc1 Qe3+ 29. Kg2 Qd2+ 30. Qf2 Qxf2+ 31. Rxf2 d3 32. Nb3 Ba5 33. Rf1 Bb6 34. Rd1 Ba7 35. Nc1 Rd4 36. Nxd3 Rxe4 37. Kf3 Rd4 38. Ke2 Rxc4 39. Nxe5 Re4+ 40. Kf3 Rxe5 41. Rd7 Rh5 42. h4 Kc8 43. Rf7 Bb8 44. Kg4 Rh6 45. h5 Be5 46. b3 Bd4 0-1

[Event "NRW Class2 1516"]
[Site "Germany"]
[Date "2016.05.08"]
[Round "9.5"]
[White "Zelt, Jens"]
[Black "Graeber, Ralf"]
[Result "1/2-1/2"]
[WhiteElo "1961"]
[BlackElo "2112"]
[PlyCount "26"]
[EventDate "2015.09.27"]
[EventType "team-tourn"]
[EventRounds "9"]
[EventCountry "GER"]
[SourceTitle "EXT 2017"]
[Source "ChessBase"]
[SourceDate "2016.10.25"]
[SourceVersion "1"]
[SourceVersionDate "2016.10.25"]
[SourceQuality "1"]
[WhiteTeam "Dortmund Hansa II"]
[BlackTeam "Ratingen"]
[WhiteTeamCountry "GER"]
[BlackTeamCountry "GER"]

1. d4 Nf6 2. Nf3 b6 3. Bf4 Bb7 4. e3 g6 5. Nbd2 Bg7 6. h3 0-0 7. Be2 d6 8. 0-0 Nbd7 9. c3 Re8 10. Bh2 e5 11. Rc1 Qe7 12. Ne1 Rad8 13. Bf3 Bxf3 1/2-1/2

[Event "NRW Class2 1516"]
[Site "Germany"]
[Date "2016.01.10"]
[Round "5.7"]
[White "Graeber, Ralf"]
[Black "Kevekordes, Peter"]
[Result "1-0"]
[WhiteElo "2104"]
[BlackElo "1869"]
[PlyCount "67"]
[EventDate "2015.09.27"]
[EventType "team-tourn"]
[EventRounds "9"]
[EventCountry "GER"]
[SourceTitle "EXT 2017"]
[Source "ChessBase"]
[SourceDate "2016.10.25"]
[SourceVersion "1"]
[SourceVersionDate "2016.10.25"]
[SourceQuality "1"]
[WhiteTeam "Ratingen"]
[BlackTeam "Sundern"]
[WhiteTeamCountry "GER"]
[BlackTeamCountry "GER"]

1. Nf3 d5 2. g3 c6 3. Bg2 Nf6 4. 0-0 h6 5. c4 dxc4 6. Na3 Be6 7. Qc2 Qd5 8. Rd1 Nbd7 9. d3 cxd3 10. Rxd3 Qc5 11. Qd1 Ng4 12. Nd4 Rd8 13. Bf4 Nde5 14. Bxe5 Qxe5 15. Nxe6 Rxd3 16. Qxd3 Qxe6 17. Rd1 Qd6 18. Qb3 Qc7 19. Qa4 Nf6 20. Qxa7 Qc8 21. Nb5 Nd7 22. Nc7+ Kd8 23. Na8 Ke8 24. Rd3 e6 25. Nb6 Qb8 26. Qa5 Bd6 27. Nc4 Bc7 28. Qc3 f6 29. Bh3 Ke7 30. Re3 e5 31. Qd3 Rd8 32. Qg6 Rg8 33. Bxd7 Kxd7 34. Qf7+ 1-0

[Event "NRW Class2 1516"]
[Site "Germany"]
[Date "2015.12.20"]
[Round "4.6"]
[White "Graeber, Ralf"]
[Black "Bruchmann, Norbert"]
[Result "1/2-1/2"]
[WhiteElo "2104"]
[BlackElo "2035"]
[PlyCount "65"]
[EventDate "2015.09.27"]
[EventType "team-tourn"]
[EventRounds "9"]
[EventCountry "GER"]
[SourceTitle "EXT 2017"]
[Source "ChessBase"]
[SourceDate "2016.10.25"]
[SourceVersion "1"]
[SourceVersionDate "2016.10.25"]
[SourceQuality "1"]
[WhiteTeam "Ratingen"]
[BlackTeam "Ennepe Ruhr Sued"]
[WhiteTeamCountry "GER"]
[BlackTeamCountry "GER"]

1. d4 e6 2. g3 Nf6 3. Bg2 c5 4. Nf3 cxd4 5. Nxd4 Nc6 6. 0-0 Bc5 7. Nb3 Be7 8. c4 d6 9. Nc3 0-0 10. Bf4 Nh5 11. Rc1 Nxf4 12. gxf4 a6 13. Rc2 f5 14. Rd2 Qc7 15. Qc1 Bd7 16. Nd5 exd5 17. cxd5 Rac8 18. dxc6 bxc6 19. Rfd1 d5 20. Rc2 Qb6 21. Nc5 Bxc5 22. Rxc5 Rb8 23. b3 Qb4 24. e3 Rb5 25. Rc2 Qd6 26. Rd4 Qf6 27. Qd1 Be8 28. Qf3 Kh8 29. Bf1 Rb6 30. Rc5 Qe7 31. b4 Rxb4 32. Rxb4 Qxc5 33. Rb7 1/2-1/2

[Event "Oberliga NRW 1415"]
[Site "Germany"]
[Date "2014.10.05"]
[Round "2.8"]
[White "Graeber, Ralf"]
[Black "Meertens, Martin"]
[Result "1/2-1/2"]
[WhiteElo "2099"]
[BlackElo "2102"]
[PlyCount "32"]
[EventDate "2014.09.14"]
[EventType "team-tourn"]
[EventRounds "9"]
[EventCountry "GER"]
[SourceTitle "EXT 2017"]
[Source "ChessBase"]
[SourceDate "2016.10.25"]
[SourceVersion "1"]
[SourceVersionDate "2016.10.25"]
[SourceQuality "1"]
[WhiteTeam "Dinslaken"]
[BlackTeam "Koeln SF"]
[WhiteTeamCountry "GER"]
[BlackTeamCountry "GER"]

1. Nf3 Nf6 2. g3 e6 3. Bg2 d5 4. 0-0 Be7 5. d3 0-0 6. Nbd2 c5 7. e4 Nc6 8. Re1 Qc7 9. Qe2 dxe4 10. dxe4 e5 11. c3 Rd8 12. Nf1 b6 13. Bg5 Be6 14. Bxf6 Bxf6 15. Ne3 Rd7 16. Nd2 Ne7 1/2-1/2

[Event "NRW Class1 1213"]
[Site "Germany"]
[Date "2013.02.17"]
[Round "6.7"]
[White "Tkachuk, Sergij"]
[Black "Graeber, Ralf"]
[Result "1/2-1/2"]
[WhiteElo "2164"]
[BlackElo "2106"]
[PlyCount "35"]
[EventDate "2012.09.16"]
[EventType "team-tourn"]
[EventRounds "9"]
[EventCountry "GER"]
[SourceTitle "EXT 2017"]
[Source "ChessBase"]
[SourceDate "2016.10.25"]
[SourceVersion "1"]
[SourceVersionDate "2016.10.25"]
[SourceQuality "1"]
[WhiteTeam "Bochum II"]
[BlackTeam "Dinslaken"]
[WhiteTeamCountry "GER"]
[BlackTeamCountry "GER"]

1. e4 c5 2. Nf3 Nc6 3. d4 cxd4 4. Nxd4 Nf6 5. Nc3 e5 6. Nf3 Bb4 7. Bc4 0-0 8. 0-0 Bxc3 9. bxc3 Qa5 10. Qd3 Ne7 11. Bd2 d5 12. Bxd5 Nexd5 13. c4 Nb4 14. Qb3 Qc7 15. Bxb4 Re8 16. Qd3 Be6 17. Bd6 Qxc4 18. Bxe5 1/2-1/2

[Event "Ruhrgebiet Regionalliga 0405"]
[Site "Ruhrgebiet"]
[Date "2005.02.27"]
[Round "7.4"]
[White "Bee, Marcus"]
[Black "Graeber, Ralf"]
[Result "1/2-1/2"]
[WhiteElo "2163"]
[BlackElo "2137"]
[PlyCount "41"]
[EventDate "2004.09.19"]
[EventType "team"]
[EventRounds "9"]
[EventCountry "GER"]
[SourceTitle "EXT 2006"]
[Source "ChessBase"]
[SourceDate "2005.11.24"]
[SourceVersion "1"]
[SourceVersionDate "2005.11.24"]
[SourceQuality "1"]
[WhiteTeam "Holsterhausen"]
[BlackTeam "Muelheim Nord II"]
[WhiteTeamCountry "GER"]
[BlackTeamCountry "GER"]

1. Nf3 c5 2. e4 Nc6 3. c3 e6 4. d4 d5 5. e5 Qb6 6. a3 a5 7. Bd3 Bd7 8. Bc2 Qb5 9. c4 Qb6 10. cxd5 exd5 11. dxc5 Bxc5 12. 0-0 Nge7 13. Nc3 Nd4 14. Na4 Bxa4 15. Bxa4+ Nec6 16. b4 Nxf3+ 17. Qxf3 Bd4 18. Rb1 0-0 19. Bf4 Nxe5 20. Bxe5 Bxe5 21. Qxd5 1/2-1/2

[Event "Ruhrgebiet Regionalliga 0405"]
[Site "Ruhrgebiet"]
[Date "2004.12.05"]
[Round "4.7"]
[White "Graeber, Ralf"]
[Black "Strozewski, Frank"]
[Result "1-0"]
[WhiteElo "2137"]
[BlackElo "2025"]
[PlyCount "81"]
[EventDate "2004.09.19"]
[EventType "team"]
[EventRounds "9"]
[EventCountry "GER"]
[SourceTitle "EXT 2006"]
[Source "ChessBase"]
[SourceDate "2005.11.24"]
[SourceVersion "1"]
[SourceVersionDate "2005.11.24"]
[SourceQuality "1"]
[WhiteTeam "Muelheim Nord II"]
[BlackTeam "Erkenschwick"]
[WhiteTeamCountry "GER"]
[BlackTeamCountry "GER"]

1. d4 d6 2. g3 g6 3. Nf3 Bg7 4. Bg2 c6 5. 0-0 Nf6 6. b3 0-0 7. Bb2 Na6 8. c4 e6 9. Nc3 d5 10. e3 Re8 11. Qe2 Nc7 12. Rfd1 Qe7 13. Rac1 Rb8 14. Ne5 Nd7 15. Nb1 f6 16. Ba3 Qd8 17. Nd3 Bf8 18. Bxf8 Nxf8 19. Qb2 Qe7 20. Nc3 g5 21. e4 dxe4 22. Nxe4 f5 23. Nc3 Ng6 24. d5 cxd5 25. cxd5 exd5 26. Nxd5 Nxd5 27. Bxd5+ Be6 28. Bxe6+ Qxe6 29. Nc5 Qe5 30. Qd2 Qe7 31. Qd5+ Qf7 32. Nd7 Qxd5 33. Rxd5 Rbc8 34. Rcd1 Ne7 35. Nf6+ Kh8 36. Rd7 Rf8 37. R1d6 Rc1+ 38. Kg2 Re1 39. Rxb7 Kg7 40. Nd5 Rf7 41. Rdd7 1-0

[Event "Ruhrgebiet Regionalliga 0405"]
[Site "Ruhrgebiet"]
[Date "2004.09.19"]
[Round "1.7"]
[White "Fink, Norbert"]
[Black "Graeber, Ralf"]
[Result "1/2-1/2"]
[WhiteElo "2055"]
[BlackElo "2137"]
[PlyCount "29"]
[EventDate "2004.09.19"]
[EventType "team"]
[EventRounds "9"]
[EventCountry "GER"]
[SourceTitle "EXT 2006"]
[Source "ChessBase"]
[SourceDate "2005.11.24"]
[SourceVersion "1"]
[SourceVersionDate "2005.11.24"]
[SourceQuality "1"]
[WhiteTeam "Essen Ueberruhr"]
[BlackTeam "Muelheim Nord II"]
[WhiteTeamCountry "GER"]
[BlackTeamCountry "GER"]

1. e4 c5 2. Nf3 Nc6 3. d4 cxd4 4. Nxd4 Nf6 5. Nc3 e5 6. Ndb5 d6 7. a4 a6 8. Na3 Be6 9. Bc4 Bxc4 10. Nxc4 Rc8 11. 0-0 Be7 12. Be3 Nd4 13. Nd2 Ne6 14. Nb3 0-0 15. Qe2 1/2-1/2

[Event "Ruhrgebiet Regionalliga 0304"]
[Site "Ruhrgebiet"]
[Date "2004.02.15"]
[Round "6.3"]
[White "Graeber, Ralf"]
[Black "Kaehmann, Joerg"]
[Result "1/2-1/2"]
[WhiteElo "2208"]
[BlackElo "2160"]
[PlyCount "25"]
[EventDate "2003.10.05"]
[EventType "team"]
[EventRounds "9"]
[EventCountry "GER"]
[SourceTitle "EXT 2007"]
[Source "ChessBase"]
[SourceDate "2006.11.23"]
[SourceVersion "1"]
[SourceVersionDate "2006.11.23"]
[SourceQuality "1"]
[WhiteTeam "Muelheim Nord II"]
[BlackTeam "Herne Sodingen"]
[WhiteTeamCountry "GER"]
[BlackTeamCountry "GER"]

1. d4 Nf6 2. Nf3 b6 3. g3 Bb7 4. Bg2 e6 5. 0-0 Be7 6. b3 0-0 7. Bb2 d5 8. Ne5 Qc8 9. Nd2 Nbd7 10. Ndf3 c5 11. c4 dxc4 12. Nxc4 Bd5 13. Ne3 1/2-1/2

[Event "Ruhrgebiet Regionalliga 0304"]
[Site "Ruhrgebiet"]
[Date "2003.10.05"]
[Round "1.5"]
[White "Seepe, Udo"]
[Black "Graeber, Ralf"]
[Result "1/2-1/2"]
[WhiteElo "2111"]
[BlackElo "2208"]
[PlyCount "41"]
[EventDate "2003.10.05"]
[EventType "team"]
[EventRounds "9"]
[EventCountry "GER"]
[SourceTitle "EXT 2007"]
[Source "ChessBase"]
[SourceDate "2006.11.23"]
[SourceVersion "1"]
[SourceVersionDate "2006.11.23"]
[SourceQuality "1"]
[WhiteTeam "Kamen"]
[BlackTeam "Muelheim Nord II"]
[WhiteTeamCountry "GER"]
[BlackTeamCountry "GER"]

1. c4 b6 2. b3 Bb7 3. Bb2 e6 4. e3 f5 5. f4 Qh4+ 6. g3 Qh6 7. Nf3 Be7 8. Bg2 Nf6 9. Nc3 0-0 10. Qe2 Na6 11. d3 Qh5 12. 0-0-0 Nc5 13. b4 Na6 14. a3 c5 15. b5 Nc7 16. e4 Rfb8 17. Rhe1 a6 18. a4 axb5 19. axb5 Bf8 20. exf5 exf5 21. Nh4 1/2-1/2

[Event "Ruhrgebiet Regionalliga 0001"]
[Site "Ruhrgebiet"]
[Date "2001.06.10"]
[Round "11"]
[White "Hirsch, Stefan"]
[Black "Graeber, Ralf"]
[Result "1-0"]
[WhiteElo "2143"]
[BlackElo "2249"]
[PlyCount "77"]
[EventDate "2000.09.17"]
[EventType "team-tourn"]
[EventRounds "11"]
[EventCountry "GER"]
[SourceTitle "EXT 2024"]
[Source "ChessBase"]
[SourceDate "2023.10.10"]
[SourceVersion "1"]
[SourceVersionDate "2023.10.10"]
[SourceQuality "1"]
[WhiteTeam "Wattenscheid SV II"]
[BlackTeam "Muelheim Nord II"]
[WhiteTeamCountry "GER"]
[BlackTeamCountry "GER"]

1. e4 g6 2. d4 Bg7 3. Nc3 d5 4. exd5 Nf6 5. Bb5+ Nbd7 6. Nf3 a6 7. Bxd7+ Bxd7 8. 0-0 0-0 9. Re1 Re8 10. Ne5 Bf5 11. g4 Bc8 12. Qf3 Rf8 13. h3 Ne8 14. Be3 f6 15. Nd3 Nd6 16. Nf4 f5 17. g5 e5 18. dxe5 Bxe5 19. h4 Ne4 20. Nxe4 fxe4 21. Qxe4 Bxf4 22. Bxf4 Bf5 23. Qc4 b5 24. Qc6 Bh3 25. Bxc7 Qc8 26. Bg3 Qd8 27. d6 Ra7 28. Re3 Raf7 29. Qd5 Bc8 30. Re7 Qb6 31. Rxf7 Rxf7 32. Re1 Kf8 33. Qe5 Kg8 34. Qe8+ Rf8 35. d7 Bb7 36. Qxf8+ Kxf8 37. Re8+ Kf7 38. d8Q Qc6 39. Qe7# 1-0

[Event "Ruhrgebiet Regionalliga 0001"]
[Site "Ruhrgebiet"]
[Date "2000.11.19"]
[Round "3"]
[White "Graeber, Ralf"]
[Black "Nowicki, Heiko"]
[Result "1-0"]
[WhiteElo "2249"]
[BlackElo "2002"]
[PlyCount "63"]
[EventDate "2000.09.17"]
[EventType "team-tourn"]
[EventRounds "11"]
[EventCountry "GER"]
[SourceTitle "EXT 2024"]
[Source "ChessBase"]
[SourceDate "2023.10.10"]
[SourceVersion "1"]
[SourceVersionDate "2023.10.10"]
[SourceQuality "1"]
[WhiteTeam "Muelheim Nord II"]
[BlackTeam "Laeufer Wanne Eickel"]
[WhiteTeamCountry "GER"]
[BlackTeamCountry "GER"]

1. g3 g6 2. Nf3 Bg7 3. d4 d6 4. Bg2 Nf6 5. b3 0-0 6. Bb2 a5 7. 0-0 Na6 8. c4 c6 9. Nc3 Bf5 10. Qd2 Ne4 11. Nxe4 Bxe4 12. Rfd1 Nc7 13. a4 Na6 14. Bc3 Qb6 15. Qb2 Rfd8 16. Ne1 Bxg2 17. Kxg2 c5 18. d5 Bxc3 19. Qxc3 Re8 20. Nc2 Nb8 21. Ne3 Nd7 22. Ng4 Nf6 23. h3 Qd8 24. Rd3 h5 25. Nxf6+ exf6 26. Re1 Re4 27. f3 Re5 28. e4 Kg7 29. Rde3 h4 30. f4 Re7 31. g4 Qc7 32. g5 1-0

[Event "Ruhrgebiet VL1 9900"]
[Site "Ruhrgebiet"]
[Date "1999.12.12"]
[Round "4"]
[White "Graeber, Ralf"]
[Black "Blees, Albert"]
[Result "1/2-1/2"]
[WhiteElo "2308"]
[BlackElo "2431"]
[PlyCount "58"]
[EventDate "1999.09.19"]
[EventType "team-tourn"]
[EventRounds "9"]
[EventCountry "GER"]
[SourceTitle "EXT 2001"]
[Source "ChessBase"]
[SourceDate "2000.11.22"]
[SourceVersion "1"]
[SourceVersionDate "2000.11.22"]
[SourceQuality "1"]

1. g3 d5 2. Nf3 c6 3. Bg2 Bg4 4. d4 Nd7 5. Nbd2 e6 6. 0-0 Ngf6 7. Re1 Be7 8. e4 dxe4 9. Nxe4 Nxe4 10. Rxe4 Nf6 11. Re1 0-0 12. c3 Qd5 13. Re5 Qd7 14. Bg5 h6 15. Bxf6 Bxf6 16. Re4 Bh5 17. Ne5 Bxe5 18. Qxh5 Bf6 19. Ree1 Rfd8 20. Rad1 Qc7 21. Qe2 Rd6 22. Bf3 Rad8 23. Qc2 g6 24. Kg2 Kg7 25. Qb3 R8d7 26. Qc4 Qa5 27. Qb3 h5 28. h4 Qd8 29. Qc4 Qb6 1/2-1/2

[Event "Niederrhein-ch"]
[Site "Niederrhein"]
[Date "1996.04.05"]
[Round "8"]
[White "Graeber, Ralf"]
[Black "Hemming, Matthias"]
[Result "0-1"]
[WhiteElo "2046"]
[BlackElo "2142"]
[PlyCount "90"]
[EventDate "1996.03.29"]
[EventType "swiss"]
[EventRounds "9"]
[EventCountry "GER"]
[SourceTitle "EXT 2006"]
[Source "ChessBase"]
[SourceDate "2005.11.24"]
[SourceVersion "1"]
[SourceVersionDate "2005.11.24"]
[SourceQuality "1"]

1. Nf3 Nf6 2. g3 g6 3. b3 Bg7 4. Bb2 0-0 5. Bg2 d6 6. d4 Nbd7 7. 0-0 e5 8. dxe5 Ng4 9. Qd2 Ngxe5 10. c4 Re8 11. Nxe5 Nxe5 12. f4 Ng4 13. Bxg7 Kxg7 14. e4 c6 15. h3 Qb6+ 16. Kh1 Ne3 17. Re1 Nxg2 18. Kxg2 d5 19. exd5 Rxe1 20. Qxe1 cxd5 21. cxd5 Bd7 22. Nc3 Re8 23. Qd2 Qb4 24. Rd1 Rc8 25. Rc1 h5 26. Kh2 a5 27. Qe3 Re8 28. Qd3 h4 29. Ne2 hxg3+ 30. Kg2 Qd6 31. Qd4+ f6 32. Nxg3 Rh8 33. f5 gxf5 34. Ne2 Re8 35. Rg1 Kf7 36. Ng3 Rg8 37. Kf2 Rh8 38. h4 Rg8 39. Nf1 Rc8 40. Ne3 b5 41. a4 Re8 42. Ng2 bxa4 43. bxa4 Re4 44. Qd1 Rg4 45. Ne3 Qf4+ 0-1

[Event "Meerbusch"]
[Site "Meerbusch"]
[Date "1996.??.??"]
[Round "3"]
[White "Cmiel, Thorsten"]
[Black "Graeber, Ralf"]
[Result "1-0"]
[WhiteElo "2265"]
[BlackElo "2230"]
[PlyCount "47"]
[EventDate "1996.08.??"]
[EventType "tourn"]
[EventRounds "11"]
[EventCountry "GER"]
[EventCategory "1"]
[SourceTitle "EXT 2006"]
[Source "ChessBase"]
[SourceDate "2005.11.24"]
[SourceVersion "1"]
[SourceVersionDate "2005.11.24"]
[SourceQuality "1"]

1. d4 e6 2. Nf3 d5 3. g3 Nf6 4. Bg2 Nbd7 5. 0-0 Be7 6. c4 c6 7. b3 0-0 8. Nbd2 b6 9. Qc2 Bb7 10. Bb2 Rc8 11. e4 dxe4 12. Ng5 c5 13. Ndxe4 Nxe4 14. Nxe4 cxd4 15. Bxd4 e5 16. Bb2 Qc7 17. Rad1 Bxe4 18. Qxe4 Kh8 19. Bh3 Rcd8 20. Bxd7 Rxd7 21. Bxe5 Bd6 22. Qd4 Rfd8 23. Bxg7+ Kg8 24. Bf6 1-0

[Event "Meerbusch"]
[Site "Meerbusch"]
[Date "1996.??.??"]
[Round "2"]
[White "Graeber, Ralf"]
[Black "Radmacher, Bernd"]
[Result "1/2-1/2"]
[WhiteElo "2230"]
[BlackElo "2215"]
[PlyCount "106"]
[EventDate "1996.08.??"]
[EventType "tourn"]
[EventRounds "11"]
[EventCountry "GER"]
[EventCategory "1"]
[SourceTitle "EXT 2006"]
[Source "ChessBase"]
[SourceDate "2005.11.24"]
[SourceVersion "1"]
[SourceVersionDate "2005.11.24"]
[SourceQuality "1"]

1. Nf3 d5 2. g3 c6 3. Bg2 Bf5 4. 0-0 e6 5. d3 Nd7 6. c4 Be7 7. Nc3 Ngf6 8. Be3 h6 9. Qb3 Qc7 10. cxd5 exd5 11. Rfc1 Be6 12. Nd4 0-0 13. Nxe6 fxe6 14. Bh3 Kf7 15. Nb5 Qb8 16. Nd4 e5 17. Be6+ Kg6 18. Nf5 Re8 19. Nxe7+ Rxe7 20. Bh3 Qc7 21. d4 e4 22. Bf4 Qb6 23. Qxb6 axb6 24. a4 Nf8 25. Ra3 Ne6 26. Be3 Ne8 27. Rca1 Nd6 28. b3 Nf5 29. Bxf5+ Kxf5 30. b4 Rc7 31. a5 bxa5 32. Rxa5 Rxa5 33. Rxa5 b6 34. Ra4 g5 35. f3 Rb7 36. Ra8 exf3 37. exf3 c5 38. bxc5 bxc5 39. Ra5 Rc7 40. g4+ Kf6 41. dxc5 d4 42. Bf2 Rc6 43. Kf1 Ke5 44. Bg3+ Kd5 45. h4 Rxc5 46. Rxc5+ Nxc5 47. h5 Ne6 48. Ke2 Kc4 49. Kd2 Kd5 50. Kc2 Kc4 51. Be5 Kd5 52. Bf6 Kc4 53. Kd2 Kd5 1/2-1/2

[Event "Meerbusch"]
[Site "Meerbusch"]
[Date "1996.??.??"]
[Round "11"]
[White "Graeber, Ralf"]
[Black "Weritz, Juergen"]
[Result "0-1"]
[WhiteElo "2230"]
[BlackElo "2270"]
[PlyCount "100"]
[EventDate "1996.08.??"]
[EventType "tourn"]
[EventRounds "11"]
[EventCountry "GER"]
[EventCategory "1"]
[SourceTitle "EXT 2006"]
[Source "ChessBase"]
[SourceDate "2005.11.24"]
[SourceVersion "1"]
[SourceVersionDate "2005.11.24"]
[SourceQuality "1"]

1. Nf3 g6 2. d4 Nf6 3. g3 Bg7 4. Bg2 0-0 5. 0-0 c6 6. b3 d6 7. Bb2 Ne4 8. Nfd2 Nxd2 9. Nxd2 c5 10. Nf3 Nc6 11. c4 Bg4 12. Qd2 Bxf3 13. Bxf3 cxd4 14. Bxc6 bxc6 15. Bxd4 Bxd4 16. Qxd4 c5 17. Qe4 Qd7 18. f4 Qe6 19. Qf3 a5 20. a4 Rab8 21. Rad1 f5 22. Rfe1 Qe4 23. Rd3 Qxf3 24. Rxf3 Rf6 25. e4 Re6 26. e5 dxe5 27. fxe5 Rd8 28. Ree3 h5 29. Rd3 Rxd3 30. Rxd3 Rxe5 31. Rd8+ Kf7 32. Kf2 Re6 33. Rb8 Rd6 34. Ke3 Kf6 35. Rb5 Re6+ 36. Kd2 Rc6 37. Rxa5 g5 38. Ra8 Ke5 39. a5 Ke4 40. Ke2 f4 41. gxf4 gxf4 42. Rb8 f3+ 43. Ke1 Rg6 44. Rb6 Rg1+ 45. Kf2 Rg2+ 46. Kf1 e5 47. a6 Ke3 48. Rd6 Ra2 49. Rd1 Rxa6 50. Re1+ Kf4 0-1

[Event "Meerbusch"]
[Site "Meerbusch"]
[Date "1996.??.??"]
[Round "6"]
[White "Wilken, Erwin"]
[Black "Graeber, Ralf"]
[Result "0-1"]
[WhiteElo "2230"]
[BlackElo "2230"]
[PlyCount "62"]
[EventDate "1996.08.??"]
[EventType "tourn"]
[EventRounds "11"]
[EventCountry "GER"]
[EventCategory "1"]
[SourceTitle "EXT 2006"]
[Source "ChessBase"]
[SourceDate "2005.11.24"]
[SourceVersion "1"]
[SourceVersionDate "2005.11.24"]
[SourceQuality "1"]

1. c4 e6 2. Nc3 d5 3. d4 Nf6 4. Bg5 Nbd7 5. cxd5 exd5 6. e3 Be7 7. Bd3 c5 8. Nf3 0-0 9. 0-0 h6 10. Bh4 b6 11. Ne5 Nxe5 12. dxe5 Ng4 13. Bg3 Bh4 14. Bf4 d4 15. Be4 dxc3 16. Bxa8 cxb2 17. Qxd8 Rxd8 18. Rad1 Bxf2+ 19. Kh1 Rxd1 20. Rxd1 Bf5 21. e4 Bd4 22. Bg3 Be6 23. Bd5 Ne3 24. Rb1 Nxd5 25. exd5 Bxd5 26. Bf2 Bxe5 27. Bg3 Bd4 28. Bf2 Bc3 29. Be1 Bxe1 30. Rxb2 c4 31. Re2 Bb4 0-1